01491nam a2200313 a 45000010008000000030009000080050017000170070008000340080040000420200018000820400022001001000037001222450143001592500042003022600053003443000043003975000129004405000046005695000053006155040024006685050210006926500045009026500044009476500049009916500041010406500045010817000030011267000021011560000313DO-SdBNP20180306113056.00000313150130s2014 dr abc 000 0 spa d a9789945495186 aBPMSUbspacBPMSU1 aHernández Grullón, Alejandro10aCiencias sociales 6 : beducación básica /cAlejandro Hernández Grullón, Juan Ricardo Hernández; actualización Danilda Pérez aedición actualizada y revisada 2014 aSanto Domingo :bActualidad Escolar 2000,c2013. a198 p. :bil., mapas, retrs. ;c28 cm. aEste libro ha sido realizado de acuerdo al curriculum vigente y ha sido sometido a la evaluación a aprovación del MINERD aEdición revisada y actualizada al 2013. aSexto grado, segundo ciclo, educación básica aBibliografia p: 1981 tColonización de América, África y Asia--tColonización de la Hispaniola --tLas revoluciones burguesas --tEl movimiento antiesclavista en América --tLa independencia de las colonias americanas. 4aCIENCIAS SOCIALESxENSEÑANZA BÁSICA aCIENCIAS SOCIALESxEDUCACIÓN PRIMARIA aEDUCACIÓN PRIMARIAxREPÚBLICA DOMINICANA aCIENCIAS SOCIALESxLIBROS DE TEXTOS 4aCIENCIAS SOCIALESxESTUDIOS Y EJERCICIOS12aHernández, Juan Ricardo12aPérez, Danilda